000 00317nam a2200133Ia 4500
008 240624s9999 xx 000 0 und d
041 _aeng
082 _a658.3 RAJ
100 _aRAJU T
245 _aHUMAN RESOURCE MANAGEMENT
260 _c2014
_aNew Delhi
_bWiley
300 _a672 : p. : cm. ; 24
365 _cRS
_b33
999 _c26291
_d26291